[Event "Tournoi International du Pays de Charleroi 2018"]
[Site "Roux, Belgium"]
[Date "2018.08.03"]
[Round "8.32"]
[White "Thirion, Marcel"]
[Black "Watelet, Sylvain"]
[Result "1/2-1/2"]
[WhiteElo "2100"]
[BlackElo "1958"]

1. d4 {[%clk 01:30:56]} {[%emt 00:00:03]} d6 {[%clk 01:23:19]} {[%emt
00:07:42]} 2. Nf3 {[%clk 01:30:16]} {[%emt 00:01:10]} Nf6 {[%clk 01:23:16]}
{[%emt 00:00:34]} 3. e3 {[%clk 01:29:47]} {[%emt 00:00:58]} g6 {[%clk
01:19:14]} {[%emt 00:04:32]} 4. Be2 {[%clk 01:29:42]} {[%emt 00:00:34]} Bg7
{[%clk 01:17:28]} {[%emt 00:02:17]} 5. c4 {[%clk 01:29:51]} {[%emt 00:00:21]}
O-O {[%clk 01:15:58]} {[%emt 00:02:01]} 6. O-O {[%clk 01:28:53]} {[%emt
00:01:27]} c5 {[%clk 01:14:54]} {[%emt 00:01:34]} 7. d5 {[%clk 01:28:39]}
{[%emt 00:00:45]} e6 {[%clk 01:10:54]} {[%emt 00:04:30]} 8. Nc3 {[%clk
01:28:44]} {[%emt 00:00:24]} b6 {[%clk 01:00:27]} {[%emt 00:10:58]} 9. e4
{[%clk 01:27:09]} {[%emt 00:02:04]} e5 {[%clk 00:58:46]} {[%emt 00:13:13]} 10.
Ne1 {[%clk 01:23:43]} Ne8 {[%clk 00:55:22]} 11. f4 {[%clk 01:21:57]} exf4
{[%clk 00:52:18]} {[%emt 00:02:39]} 12. Bxf4 {[%clk 01:22:14]} {[%emt
00:00:12]} Qe7 {[%clk 00:49:19]} {[%emt 00:03:30]} 13. Qd2 {[%clk 01:18:58]}
{[%emt 00:03:45]} Nd7 {[%clk 00:41:38]} {[%emt 00:08:12]} 14. Nf3 {[%clk
01:16:41]} {[%emt 00:02:46]} Nef6 {[%clk 00:36:29]} {[%emt 00:05:38]} 15. Rae1
{[%clk 01:10:22]} {[%emt 00:06:50]} Ng4 {[%clk 00:34:27]} {[%emt 00:02:33]} 16.
Bg5 {[%clk 01:06:45]} {[%emt 00:04:06]} Qe8 {[%clk 00:32:06]} {[%emt 00:02:51]}
17. Nb5 {[%clk 01:05:01]} {[%emt 00:02:13]} f6 {[%clk 00:28:45]} {[%emt
00:03:52]} 18. Nxd6 {[%clk 01:02:04]} {[%emt 00:03:28]} Qd8 {[%clk 00:22:30]}
{[%emt 00:06:45]} 19. Nxc8 {[%clk 00:59:15]} {[%emt 00:03:18]} fxg5 {[%clk
00:20:43]} {[%emt 00:02:18]} 20. Nd6 {[%clk 00:58:35]} {[%emt 00:01:09]} a6
{[%clk 00:19:10]} {[%emt 00:02:03]} 21. e5 {[%clk 00:55:29]} {[%emt 00:03:36]}
Ndxe5 {[%clk 00:17:35]} {[%emt 00:02:05]} 22. Nxe5 {[%clk 00:55:38]} {[%emt
00:00:21]} Bxe5 {[%clk 00:16:20]} {[%emt 00:01:45]} 23. Bxg4 {[%clk 00:53:04]}
{[%emt 00:03:03]} Qxd6 {[%clk 00:15:52]} {[%emt 00:00:58]} 24. Be6+ {[%clk
00:52:29]} {[%emt 00:01:04]} Kg7 {[%clk 00:15:22]} {[%emt 00:01:02]} 25. g3
{[%clk 00:51:45]} {[%emt 00:01:13]} Bd4+ {[%clk 00:10:41]} {[%emt 00:05:12]} 26.
Kg2 {[%clk 00:51:33]} {[%emt 00:00:42]} Rxf1 {[%clk 00:10:18]} {[%emt
00:00:53]} 27. Rxf1 {[%clk 00:51:55]} {[%emt 00:00:07]} Rf8 {[%clk 00:10:05]}
{[%emt 00:00:44]} 28. Rxf8 {[%clk 00:47:48]} {[%emt 00:04:37]} Qxf8 {[%clk
00:10:17]} {[%emt 00:00:18]} 29. b3 {[%clk 00:47:40]} {[%emt 00:00:38]} Qf6
{[%clk 00:09:13]} {[%emt 00:01:34]} 30. Qe2 {[%clk 00:47:02]} {[%emt 00:01:07]}
Qe5 {[%clk 00:08:05]} {[%emt 00:01:39]} 31. Qf3 {[%clk 00:42:17]} {[%emt
00:05:15]} Qf6 {[%clk 00:07:14]} {[%emt 00:01:22]} 32. g4 {[%clk 00:41:04]}
{[%emt 00:01:42]} Qf4 {[%clk 00:05:01]} {[%emt 00:02:43]} 33. Qxf4 {[%clk
00:38:45]} {[%emt 00:02:49]} gxf4 {[%clk 00:05:26]} {[%emt 00:00:05]} 34. g5
{[%clk 00:38:56]} {[%emt 00:00:19]} Be5 {[%clk 00:05:06]} {[%emt 00:00:51]} 35.
Kf3 {[%clk 00:38:46]} {[%emt 00:00:39]} h6 {[%clk 00:04:56]} {[%emt 00:00:40]}
36. h4 {[%clk 00:38:49]} {[%emt 00:00:26]} hxg5 {[%clk 00:05:04]} {[%emt
00:00:23]} 37. hxg5 {[%clk 00:39:14]} {[%emt 00:00:05]} Bd6 {[%clk 00:05:08]}
{[%emt 00:00:26]} 38. Ke4 {[%clk 00:39:02]} {[%emt 00:00:42]} Kf8 {[%clk
00:04:33]} {[%emt 00:01:05]} 39. Bg4 {[%clk 00:37:48]} {[%emt 00:01:43]} Ke7
{[%clk 00:04:20]} {[%emt 00:00:43]} 40. Be2 {[%clk 00:37:35]} {[%emt 00:00:43]}
a5 {[%clk 00:04:00]} {[%emt 00:00:51]} 41. Bd3 {[%clk 00:37:14]} {[%emt
00:00:51]} Kf7 {[%clk 00:03:48]} {[%emt 00:00:42]} 42. Be2 {[%clk 00:34:39]}
{[%emt 00:03:05]} Ke7 {[%clk 00:02:05]} {[%emt 00:02:12]} 43. Bg4 {[%clk
00:35:02]} {[%emt 00:00:07]} Kf7 {[%clk 00:01:55]} {[%emt 00:00:41]} 44. Kd3
{[%clk 00:30:50]} {[%emt 00:04:41]} Ke7 {[%clk 00:01:22]} {[%emt 00:01:04]} 45.
Ke4 {[%emt 00:00:05]} Kf7 {[%emt 00:00:08]} 46. Kd3 Be7 47. d6 {[%emt
00:00:02]} Bxg5 {[%emt 00:00:02]} 48. Ke4 {[%emt 00:00:01]} Ke8 {[%emt
00:00:15]} 49. Kd5 Bd8 {[%emt 00:00:03]} 50. Kc6 {[%emt 00:00:04]} g5 {[%emt
00:00:06]} 51. Bh5+ {[%emt 00:00:04]} Kf8 {[%emt 00:00:03]} 52. Kd7 {[%emt
00:00:02]} Bf6 {[%emt 00:00:02]} 53. Kc7 {[%emt 00:00:02]} Be5 {[%emt
00:00:16]} 54. Kd7 {[%clk 00:28:49]} {[%emt 00:00:10]} Bf6 {[%clk 00:01:49]}
1/2-1/2

[Event "Tournoi International du Pays de Charleroi 2018"]
[Site "Roux, Belgium"]
[Date "2018.08.03"]
[Round "8.1"]
[White "Gurevich, Mikhail"]
[Black "Mirzoev, Azer"]
[Result "1/2-1/2"]
[WhiteTitle "GM"]
[BlackTitle "GM"]
[WhiteElo "2569"]
[BlackElo "2506"]

1. c4 {[%clk 01:30:52]} {[%emt 00:00:08]} c6 {[%clk 01:29:53]} {[%emt
00:01:07]} 2. Nf3 {[%clk 01:31:11]} {[%emt 00:00:10]} d5 {[%clk 01:30:20]}
{[%emt 00:00:03]} 3. d4 {[%clk 01:31:15]} {[%emt 00:00:26]} Nf6 {[%clk
01:30:44]} {[%emt 00:00:06]} 4. Qc2 {[%clk 01:31:07]} {[%emt 00:00:38]} dxc4
{[%clk 01:30:56]} {[%emt 00:00:19]} 5. Qxc4 {[%clk 01:31:20]} {[%emt 00:00:17]}
Bf5 {[%clk 01:31:18]} {[%emt 00:00:07]} 6. g3 {[%clk 01:31:17]} {[%emt
00:00:33]} e6 {[%clk 01:31:43]} {[%emt 00:00:06]} 7. Bg2 {[%clk 01:31:39]}
{[%emt 00:00:07]} Nbd7 {[%clk 01:32:09]} {[%emt 00:00:05]} 8. O-O {[%clk
01:31:55]} {[%emt 00:00:14]} Be7 {[%clk 01:32:28]} {[%emt 00:00:10]} 9. e3
{[%clk 01:30:35]} {[%emt 00:01:50]} O-O {[%clk 01:32:50]} {[%emt 00:00:08]} 10.
Qe2 {[%clk 01:31:02]} {[%emt 00:00:03]} c5 {[%clk 01:28:06]} {[%emt 00:05:14]}
11. Rd1 {[%clk 01:29:36]} {[%emt 00:01:56]} cxd4 {[%clk 01:24:35]} {[%emt
00:04:01]} 12. Nxd4 {[%clk 01:26:12]} {[%emt 00:03:54]} Bg4 {[%clk 01:22:51]}
{[%emt 00:02:14]} 13. f3 {[%clk 01:24:24]} {[%emt 00:02:19]} Bh5 {[%clk
01:23:15]} {[%emt 00:00:06]} 14. e4 {[%clk 01:17:34]} {[%emt 00:07:20]} e5
{[%clk 01:17:06]} {[%emt 00:06:38]} 15. Nb3 {[%clk 00:59:35]} {[%emt 00:18:30]}
Qc7 {[%clk 00:57:46]} {[%emt 00:19:50]} 16. Be3 {[%clk 00:57:05]} {[%emt
00:03:00]} Rfd8 {[%clk 00:57:50]} {[%emt 00:00:25]} 17. Rc1 {[%clk 00:52:15]}
{[%emt 00:05:21]} Qb8 {[%clk 00:55:26]} {[%emt 00:02:54]} 18. Nc3 {[%clk
00:51:31]} {[%emt 00:01:13]} a6 {[%clk 00:51:53]} {[%emt 00:04:02]} 19. Rd1
{[%clk 00:50:14]} {[%emt 00:01:47]} h6 {[%clk 00:47:47]} {[%emt 00:04:37]} 20.
Rac1 {[%clk 00:43:39]} {[%emt 00:07:05]} Nf8 {[%clk 00:45:47]} {[%emt
00:02:29]} 21. Na5 {[%clk 00:42:10]} {[%emt 00:02:01]} Rxd1+ {[%clk 00:43:57]}
{[%emt 00:02:19]} 22. Qxd1 {[%clk 00:40:53]} {[%emt 00:01:46]} Bd8 {[%clk
00:37:35]} {[%emt 00:06:52]} 23. Nc4 {[%clk 00:37:19]} {[%emt 00:04:05]}
1/2-1/2

[Event "Tournoi International du Pays de Charleroi 2018"]
[Site "Roux, Belgium"]
[Date "2018.08.03"]
[Round "8.29"]
[White "Philippe, Denis-Emmanuel"]
[Black "Jamar, Vadim"]
[Result "0-1"]
[WhiteElo "2047"]
[BlackElo "1909"]

1. d4 {[%clk 01:30:59]} {[%emt 00:02:14]} Nf6 {[%clk 01:30:53]} {[%emt
00:00:07]} 2. Nf3 {[%clk 01:31:24]} {[%emt 00:00:05]} g6 {[%clk 01:31:06]}
{[%emt 00:00:18]} 3. Nc3 {[%clk 01:31:29]} {[%emt 00:00:24]} d5 {[%clk
01:30:56]} {[%emt 00:00:39]} 4. Bf4 {[%clk 01:31:32]} {[%emt 00:00:27]} c6
{[%clk 01:29:13]} {[%emt 00:02:14]} 5. e3 {[%clk 01:31:28]} {[%emt 00:00:34]}
Bg7 {[%clk 01:28:23]} {[%emt 00:01:21]} 6. Be2 {[%clk 01:30:55]} {[%emt
00:01:03]} O-O {[%clk 01:27:11]} {[%emt 00:01:41]} 7. Ne5 {[%clk 01:30:25]}
{[%emt 00:01:00]} Bf5 {[%clk 01:24:29]} {[%emt 00:03:11]} 8. g4 {[%clk
01:25:04]} {[%emt 00:05:51]} Be6 {[%clk 01:23:16]} {[%emt 00:01:44]} 9. f3
{[%clk 01:00:11]} {[%emt 00:32:10]} Nfd7 {[%clk 01:17:16]} 10. Nd3 {[%clk
00:59:47]} {[%emt 00:02:14]} f5 {[%clk 01:02:58]} {[%emt 00:13:10]} 11. g5
{[%clk 00:57:49]} {[%emt 00:02:27]} Bf7 {[%clk 01:00:04]} {[%emt 00:03:25]} 12.
h4 {[%clk 00:53:29]} {[%emt 00:04:50]} Re8 {[%clk 00:59:39]} {[%emt 00:00:55]}
13. O-O {[%clk 00:35:26]} {[%emt 00:18:34]} e5 {[%clk 00:55:59]} {[%emt
00:04:09]} 14. dxe5 {[%clk 00:35:47]} {[%emt 00:00:09]} Nxe5 {[%clk 00:56:18]}
{[%emt 00:00:11]} 15. Nxe5 {[%clk 00:31:38]} {[%emt 00:04:39]} Bxe5 {[%clk
00:56:41]} {[%emt 00:00:07]} 16. Bxe5 {[%clk 00:31:17]} {[%emt 00:00:51]} Rxe5
{[%clk 00:57:02]} {[%emt 00:00:09]} 17. Qd4 {[%clk 00:30:02]} {[%emt 00:01:45]}
Qe7 {[%clk 00:56:32]} {[%emt 00:01:00]} 18. Nd1 {[%clk 00:26:10]} {[%emt
00:04:21]} c5 {[%clk 00:52:51]} {[%emt 00:04:12]} 19. Qf4 {[%clk 00:24:18]}
{[%emt 00:02:22]} d4 {[%clk 00:51:04]} {[%emt 00:02:17]} 20. Kf2 {[%clk
00:21:52]} {[%emt 00:02:55]} Nc6 {[%clk 00:45:26]} {[%emt 00:06:08]} 21. Bd3
{[%clk 00:18:14]} {[%emt 00:04:08]} Rd8 {[%clk 00:43:20]} {[%emt 00:02:37]} 22.
b3 {[%clk 00:17:42]} {[%emt 00:01:02]} dxe3+ {[%clk 00:43:19]} {[%emt
00:00:31]} 23. Nxe3 {[%clk 00:16:01]} {[%emt 00:02:11]} Rd4 {[%clk 00:43:11]}
{[%emt 00:00:37]} 0-1

[Event "Tournoi International du Pays de Charleroi 2018"]
[Site "Roux, Belgium"]
[Date "2018.08.03"]
[Round "8.14"]
[White "Henris, Luc"]
[Black "Verheyen, Olivier"]
[Result "1-0"]
[WhiteTitle "FM"]
[WhiteElo "2204"]
[BlackElo "2012"]

1. e4 {[%clk 01:30:30]} {[%emt 00:26:27]} c5 {[%clk 01:30:45]} {[%emt
00:00:17]} 2. Nc3 {[%clk 01:31:23]} {[%emt 00:00:06]} d6 {[%clk 01:30:42]}
{[%emt 00:00:32]} 3. d4 {[%clk 01:31:47]} {[%emt 00:00:06]} cxd4 {[%clk
01:30:16]} {[%emt 00:00:57]} 4. Qxd4 {[%clk 01:32:11]} {[%emt 00:00:06]} Nc6
{[%clk 01:28:30]} {[%emt 00:02:16]} 5. Qd2 {[%clk 01:32:34]} {[%emt 00:00:06]}
e6 {[%clk 01:20:58]} {[%emt 00:08:02]} 6. b3 {[%clk 01:32:26]} {[%emt
00:00:38]} Nf6 {[%clk 01:19:08]} {[%emt 00:02:20]} 7. Bb2 {[%clk 01:32:26]}
{[%emt 00:00:31]} a6 {[%clk 01:19:09]} {[%emt 00:00:30]} 8. O-O-O {[%clk
01:31:25]} {[%emt 00:01:30]} b5 {[%clk 01:15:38]} {[%emt 00:04:01]} 9. f3
{[%clk 01:24:33]} {[%emt 00:07:22]} Bb7 {[%clk 01:11:04]} {[%emt 00:05:04]} 10.
g4 {[%clk 01:20:12]} {[%emt 00:04:51]} Nd7 {[%clk 01:08:21]} {[%emt 00:03:13]}
11. h4 {[%clk 01:10:05]} {[%emt 00:12:36]} b4 {[%clk 01:05:34]} {[%emt
00:01:18]} 12. Nce2 {[%clk 01:07:23]} {[%emt 00:03:12]} a5 {[%clk 01:03:59]}
{[%emt 00:02:05]} 13. g5 {[%clk 01:03:57]} {[%emt 00:03:56]} a4 {[%clk
01:02:06]} {[%emt 00:02:23]} 14. h5 {[%clk 00:55:29]} {[%emt 00:08:57]} h6
{[%clk 01:01:23]} {[%emt 00:01:13]} 15. g6 {[%clk 00:45:36]} {[%emt 00:10:24]}
f6 {[%clk 01:00:44]} {[%emt 00:01:08]} 16. Nf4 {[%clk 00:45:01]} {[%emt
00:01:05]} Nc5 {[%clk 00:59:53]} {[%emt 00:01:21]} 17. Bh3 {[%clk 00:44:01]}
{[%emt 00:01:30]} axb3 {[%clk 00:57:01]} {[%emt 00:03:22]} 18. axb3 {[%clk
00:43:32]} {[%emt 00:00:59]} Bc8 {[%clk 00:56:07]} {[%emt 00:01:24]} 19. Nge2
{[%clk 00:40:29]} {[%emt 00:03:33]} Be7 {[%clk 00:51:03]} {[%emt 00:05:34]} 20.
Nd5 {[%clk 00:24:08]} {[%emt 00:16:52]} Na5 {[%clk 00:36:25]} {[%emt 00:15:07]}
21. Kb1 {[%clk 00:22:48]} {[%emt 00:01:50]} exd5 {[%clk 00:32:05]} {[%emt
00:04:50]} 22. Qxd5 {[%clk 00:22:21]} {[%emt 00:00:57]} Bxh3 {[%clk 00:32:08]}
{[%emt 00:00:27]} 23. Rxh3 {[%clk 00:20:39]} {[%emt 00:02:12]} Qc8 {[%clk
00:23:37]} {[%emt 00:09:01]} 24. Nd4 {[%clk 00:13:05]} {[%emt 00:08:05]} Ra6
{[%clk 00:19:57]} {[%emt 00:04:09]} 25. Qf7+ {[%clk 00:10:48]} {[%emt
00:02:48]} Kd7 {[%clk 00:20:22]} {[%emt 00:00:05]} 26. Qxg7 {[%clk 00:06:51]}
{[%emt 00:04:27]} Nc6 {[%clk 00:16:43]} {[%emt 00:04:09]} 27. Nf5 {[%clk
00:05:57]} {[%emt 00:01:23]} Ne6 {[%clk 00:15:46]} {[%emt 00:01:28]} 28. Rxd6+
{[%clk 00:06:05]} {[%emt 00:00:21]} Kc7 {[%clk 00:16:14]} {[%emt 00:00:02]} 29.
Rxe6 {[%clk 00:05:59]} {[%emt 00:00:36]} Qxe6 {[%clk 00:16:05]} {[%emt
00:00:39]} 30. Qxh8 {[%clk 00:06:18]} {[%emt 00:00:12]} Qd7 {[%clk 00:15:05]}
{[%emt 00:01:29]} 31. Rh1 {[%clk 00:06:42]} {[%emt 00:00:06]} Ne5 {[%clk
00:13:41]} {[%emt 00:01:54]} 32. Bxe5+ {[%clk 00:06:41]} {[%emt 00:00:32]} 1-0

[Event "Tournoi International du Pays de Charleroi 2018"]
[Site "Roux, Belgium"]
[Date "2018.08.03"]
[Round "8.24"]
[White "Callier, Christophe"]
[Black "De Herdt, Yasseen"]
[Result "1-0"]
[WhiteElo "1970"]
[BlackElo "2146"]

1. e4 {[%clk 01:30:59]} c5 {[%clk 01:30:50]} {[%emt 00:00:10]} 2. Nf3 {[%clk
01:31:23]} {[%emt 00:00:06]} d6 {[%clk 01:30:42]} {[%emt 00:00:39]} 3. d4
{[%clk 01:31:52]} {[%emt 00:00:01]} cxd4 {[%clk 01:30:56]} {[%emt 00:00:15]} 4.
Nxd4 {[%clk 01:32:20]} {[%emt 00:00:03]} Nf6 {[%clk 01:31:19]} {[%emt
00:00:07]} 5. Nc3 {[%clk 01:32:49]} Nc6 {[%clk 01:30:37]} {[%emt 00:01:13]} 6.
Bc4 {[%clk 01:33:03]} {[%emt 00:00:16]} e6 {[%clk 01:30:16]} {[%emt 00:00:50]}
7. Be3 {[%clk 01:33:21]} {[%emt 00:00:12]} Be7 {[%clk 01:26:30]} {[%emt
00:04:16]} 8. Qe2 {[%clk 01:33:38]} {[%emt 00:00:13]} a6 {[%clk 01:23:35]}
{[%emt 00:03:26]} 9. O-O-O {[%clk 01:33:58]} {[%emt 00:00:10]} Qc7 {[%clk
01:22:12]} {[%emt 00:01:52]} 10. Bb3 {[%clk 01:34:05]} {[%emt 00:00:23]} Na5
{[%clk 01:16:27]} {[%emt 00:06:16]} 11. g4 {[%clk 01:34:07]} {[%emt 00:00:27]}
b5 {[%clk 01:05:46]} {[%emt 00:11:10]} 12. g5 {[%clk 01:34:08]} {[%emt
00:00:30]} Nxb3+ {[%clk 01:05:32]} {[%emt 00:00:45]} 13. axb3 {[%clk 01:34:30]}
{[%emt 00:00:08]} Nd7 {[%clk 01:05:44]} {[%emt 00:00:17]} 14. Nf5 {[%clk
01:30:17]} {[%emt 00:04:43]} exf5 {[%clk 00:59:56]} {[%emt 00:16:21]} 15. Nd5
{[%clk 01:30:41]} Qd8 {[%clk 00:58:09]} 16. exf5 {[%clk 01:31:06]} f6 {[%clk
00:33:08]} {[%emt 00:17:55]} 17. gxf6 {[%clk 01:16:39]} {[%emt 00:14:56]} Nxf6
{[%clk 00:33:20]} {[%emt 00:00:19]} 18. Bb6 {[%clk 01:15:43]} {[%emt 00:01:26]}
Qd7 {[%clk 00:33:27]} {[%emt 00:00:24]} 19. Nxf6+ {[%clk 01:14:32]} {[%emt
00:01:41]} gxf6 {[%clk 00:33:49]} {[%emt 00:00:08]} 20. Qh5+ {[%clk 01:14:45]}
{[%emt 00:00:17]} Kf8 {[%clk 00:34:17]} {[%emt 00:00:02]} 21. Be3 {[%clk
01:03:24]} {[%emt 00:11:51]} h6 {[%clk 00:34:22]} {[%emt 00:00:25]} 22. Bxh6+
{[%clk 01:03:35]} {[%emt 00:00:18]} Rxh6 {[%clk 00:34:50]} {[%emt 00:00:03]} 23.
Qxh6+ {[%clk 01:03:57]} {[%emt 00:00:08]} Ke8 {[%clk 00:35:11]} {[%emt
00:00:09]} 24. Qh8+ {[%clk 01:04:08]} {[%emt 00:00:19]} Bf8 {[%clk 00:35:36]}
{[%emt 00:00:05]} 25. Rde1+ {[%clk 01:03:58]} {[%emt 00:00:40]} 1-0

[Event "Tournoi International du Pays de Charleroi 2018"]
[Site "Roux, Belgium"]
[Date "2018.08.03"]
[Round "8.10"]
[White "Kukov, Velislav"]
[Black "De Villers, Mourad"]
[Result "1-0"]
[WhiteTitle "IM"]
[WhiteElo "2382"]
[BlackElo "2117"]

1. d4 {[%clk 01:30:59]} Nf6 {[%clk 01:30:40]} {[%emt 00:00:20]} 2. Nf3 {[%clk
01:30:56]} {[%emt 00:00:33]} g6 {[%clk 01:30:41]} {[%emt 00:00:29]} 3. g3
{[%clk 01:30:29]} {[%emt 00:00:57]} Bg7 {[%clk 01:30:24]} {[%emt 00:00:46]} 4.
Bg2 {[%clk 01:30:54]} {[%emt 00:00:06]} O-O {[%clk 01:24:59]} {[%emt 00:05:55]}
5. O-O {[%clk 01:31:15]} {[%emt 00:00:09]} d6 {[%clk 01:23:11]} {[%emt
00:02:18]} 6. b3 {[%clk 01:31:05]} {[%emt 00:00:40]} c5 {[%clk 01:21:53]}
{[%emt 00:01:48]} 7. Bb2 {[%clk 01:31:19]} {[%emt 00:00:16]} cxd4 {[%clk
01:19:26]} {[%emt 00:02:56]} 8. Nxd4 {[%clk 01:31:40]} {[%emt 00:00:10]} d5
{[%clk 01:15:36]} {[%emt 00:04:20]} 9. c4 {[%clk 01:31:55]} {[%emt 00:00:15]}
dxc4 {[%clk 01:15:06]} {[%emt 00:01:01]} 10. bxc4 {[%clk 01:32:23]} {[%emt
00:00:02]} Qa5 {[%clk 01:12:53]} {[%emt 00:02:42]} 11. Qb3 {[%clk 01:17:05]}
{[%emt 00:15:48]} Nbd7 {[%clk 00:54:07]} {[%emt 00:19:16]} 12. Nc3 {[%clk
00:57:02]} {[%emt 00:20:33]} Qh5 {[%clk 00:50:54]} {[%emt 00:03:42]} 13. Nd5
{[%clk 00:47:04]} {[%emt 00:10:29]} Nxd5 {[%clk 00:47:19]} {[%emt 00:04:05]} 14.
cxd5 {[%clk 00:44:38]} {[%emt 00:02:55]} Nf6 {[%clk 00:44:17]} {[%emt
00:03:32]} 15. e4 {[%clk 00:42:30]} {[%emt 00:02:39]} Bh3 {[%clk 00:43:49]}
{[%emt 00:00:58]} 16. f3 {[%clk 00:40:59]} {[%emt 00:02:01]} Rfc8 {[%clk
00:34:48]} {[%emt 00:09:31]} 17. Rac1 {[%clk 00:37:06]} {[%emt 00:04:23]} Bxg2
{[%clk 00:29:27]} {[%emt 00:05:50]} 18. Kxg2 {[%clk 00:36:03]} {[%emt
00:01:34]} Nd7 {[%clk 00:26:25]} {[%emt 00:03:32]} 19. Qb5 {[%clk 00:26:25]}
{[%emt 00:10:08]} Nb6 {[%clk 00:15:55]} {[%emt 00:11:00]} 20. a4 {[%clk
00:22:22]} {[%emt 00:04:33]} Qg5 {[%clk 00:15:16]} {[%emt 00:01:08]} 21. h4
{[%clk 00:13:01]} {[%emt 00:09:52]} Qd2+ {[%clk 00:08:19]} {[%emt 00:07:25]} 22.
Rf2 {[%clk 00:13:18]} {[%emt 00:00:14]} Qxf2+ {[%clk 00:08:19]} {[%emt
00:00:30]} 23. Kxf2 {[%clk 00:13:44]} {[%emt 00:00:04]} Bxd4+ {[%clk 00:08:40]}
{[%emt 00:00:09]} 24. Ke2 {[%clk 00:13:38]} {[%emt 00:00:36]} Rxc1 {[%clk
00:08:47]} {[%emt 00:00:23]} 25. Bxc1 {[%clk 00:13:59]} {[%emt 00:00:10]} Rc8
{[%clk 00:06:52]} {[%emt 00:02:25]} 26. Bh6 {[%clk 00:13:51]} {[%emt 00:00:37]}
a6 {[%clk 00:06:28]} {[%emt 00:00:55]} 27. Qb4 {[%clk 00:13:12]} {[%emt
00:01:08]} Bc5 {[%clk 00:06:28]} {[%emt 00:00:31]} 28. Qb2 {[%clk 00:13:17]}
{[%emt 00:00:23]} f6 {[%clk 00:06:41]} {[%emt 00:00:18]} 29. a5 {[%emt
00:02:33]} 1-0